000 00343nam a2200133Ia 4500
008 190216s9999||||xx |||||||||||||| ||und||
100 _aSusan K Baumann And Steven L Mandell
245 0 _aUnderstanding Pascal; Turbo Vision
250 _a1st Ed.
260 _bJaico Publishing House
_c1990
300 _a385
650 _aComputer
942 _cBK
999 _c8563
_d8563